Russell vs. Meinong : the legacy of "On denoting" /

Bibliographic Details
Other Authors: Griffin, Nicholas, Jacquette, Dale
Format: Book
Language:English
Published: New York : Routledge, 2009.
Series:Routledge studies in twentieth century philosophy ; 29.
Subjects:

MARC

Tag First Indicator Second Indicator Subfields
LEADER 00000cam a22000004a 4500
001 in00002480121
005 20151110041550.0
008 080505s2009 nyu b 101 0 eng
010 |a  2008020354 
019 |a 216659777  |a 221142288 
020 |a 9780415963640 (hbk) 
020 |a 0415963648 (hbk) 
020 |a 9780203888025 (ebk) 
020 |a 0203888022 (ebk) 
035 |a (OCoLC)ocn227572416 
035 |a (OCoLC)227572416  |z (OCoLC)216659777  |z (OCoLC)221142288 
040 |a DLC  |c DLC  |d BAKER  |d BTCTA  |d YDXCP  |d OCLCG  |d C#P  |d CDX  |d BWX  |d UtOrBLW 
049 |a TXAM 
050 0 0 |a B1649.R94  |b R88 2009 
082 0 0 |a 121/.68  |2 22 
245 0 0 |a Russell vs. Meinong :  |b the legacy of "On denoting" /  |c edited by Nicholas Griffin and Dale Jacquette. 
246 3 |a Russell versus Meinong 
264 1 |a New York :  |b Routledge,  |c 2009. 
300 |a xii, 384 pages ;  |c 24 cm. 
336 |a text  |b txt  |2 rdacontent 
337 |a unmediated  |b n  |2 rdamedia 
338 |a volume  |b nc  |2 rdacarrier 
490 1 |a Routledge studies in twentieth-century philosophy ;  |v 29 
500 |a Selected proceedings from an international conference "Russell vs. Meinong: 100 years after 'On denoting'" held on 14-18 May 2005 at McMaster University, Hamilton, Ontario, Canada. 
504 |a Includes bibliographical references and index. 
505 0 |a Introduction: Russell and Meinong in retrospect / Dale Jacquette and Nicholas Griffin -- Logic and denotation / Alasdair Urquhart -- Antirealism and the theory of descriptions / Graham Stevens -- Russell vs. Frege on definite descriptions as singular terms / Francis Jeffry Pelletier and Bernard Linsky -- A cantorian argument against Frege's and early Russell's theories of descriptions / Kevin C. Klement -- "On denoting" : appearance and reality / Gideon Makin -- Explaining G.F. Stout's reaction to Russell's "On denoting" / Omar W. Nasim -- Russell on "the" in the plural / David Bostock -- Psychological content and indeterminacy with respect to being : two notes on the Russell-Meinong debate / Johann Christian Marek -- Meditations on Meinong's golden mountain / Dale Jacquette -- Rethinking item theory / Nicholas Griffin -- Contra Meinong / Peter Loptson -- Who is afraid of imaginary objects? / Gabriele Contessa -- Russell's definite descriptions de re / Gregory C. Landini -- Quantifying in and anti-essentialism / Michael Nelson -- Points, complexes, complex points, and a yacht / Nathan Salmon. 
600 1 0 |a Russell, Bertrand,  |d 1872-1970.  |t On denoting  |v Congresses. 
600 1 0 |a Meinong, A.  |q (Alexius),  |d 1853-1920  |v Congresses. 
700 1 |a Griffin, Nicholas. 
700 1 |a Jacquette, Dale. 
830 0 |a Routledge studies in twentieth century philosophy ;  |v 29. 
938 |a Baker & Taylor  |b BKTY  |c 95.00  |d 95.00  |i 0415963648  |n 0007720456  |s active 
938 |a Baker and Taylor  |b BTCP  |n 2008020354 
938 |a YBP Library Services  |b YANK  |n 100490148 
938 |a Coutts Information Services  |b COUT  |n 6342294  |c 0.00 GBP 
938 |a Blackwell Book Service  |b BBUS  |n R4750476  |c $95.00 
945 |a PromptCat  |b 602150 
946 |a stk 
947 |a A14837429355 
994 |a 92  |b TXA 
948 |a cataloged  |b h  |d 2009/1/23  |h c  |e asalazar  |f 10:03:49 am 
999 |a MARS 
999 f f |s 9181b70f-b5db-3753-b874-0724b34e39f1  |i b680a88a-bb8d-3c1e-8822-e8572abea917  |t 0 
952 f f |p normal  |a Texas A&M University  |b College Station  |c Sterling C. Evans Library  |d Evans: Library Stacks  |t 0  |e B1649.R94 R88 2009  |h Library of Congress classification  |i unmediated -- volume  |m A14837429355 
998 f f |a B1649.R94 R88 2009  |t 0  |l Evans: Library Stacks